000 00481nam a2200169Ia 4500
003 IN-BaIIA
008 211028s9999 xx 000 0 eng d
040 _cIIA Library
080 _a(038)''19''
_bCHA
245 0 _aChambers twentieth century dictionary
_cedited by A. M. Macdonald
260 _aBombay
_bAllied Publishers
_c1973
300 _axii, 1651p.
650 _aEnglish Dictionary
_97816
650 _aLanguages
_97817
700 _aMacdonald, A. M., ed.
_97818
942 _cBK
999 _c4477
_d4477